Pitman new era shorthand / (Record no. 7075)
[ view plain ]
| 000 -LEADER | |
|---|---|
| fixed length control field | 00569nam a22002052 4500 |
| 001 - CONTROL NUMBER | |
| control field | 0000005799 |
| 005 - DATE AND TIME OF LATEST TRANSACTION | |
| control field | 20151217152006.0 |
| 008 - FIXED-LENGTH DATA ELEMENTS--GENERAL INFORMATION | |
| fixed length control field | 070717s xx 000 0 eng d |
| 020 ## - INTERNATIONAL STANDARD BOOK NUMBER | |
| International Standard Book Number | 058229889X : |
| 040 ## - CATALOGING SOURCE | |
| Original cataloging agency | KABU |
| Transcribing agency | KABU |
| 050 #0 - LIBRARY OF CONGRESS CALL NUMBER | |
| Classification number | Z56 |
| Item number | .P58 |
| 245 10 - TITLE STATEMENT | |
| Title | Pitman new era shorthand / |
| Statement of responsibility, etc. | Audrey O'Dea ... [et al.] |
| 260 ## - PUBLICATION, DISTRIBUTION, ETC. (IMPRINT) | |
| Place of publication, distribution, etc. | Harlow, England : |
| Name of publisher, distributor, etc. | Pearson, |
| Date of publication, distribution, etc. | 1988. |
| 300 ## - PHYSICAL DESCRIPTION | |
| Extent | viii, 151 p. |
| 650 #0 - SUBJECT ADDED ENTRY--TOPICAL TERM | |
| Topical term or geographic name as entry element | Shorthand. |
| -- | 0000157024 |
| 700 1# - ADDED ENTRY--PERSONAL NAME | |
| Personal name | O'Dea, Audrey. |
| -- | 0000157025 |
| 908 ## - PUT COMMAND PARAMETER (RLIN) | |
| Put command parameter | 070717 |
| 950 ## - LOCAL HOLDINGS (RLIN) | |
| -- | 1 |
| Withdrawn status | Lost status | Source of classification or shelving scheme | Not for loan | Home library | Current library | Date acquired | Total Checkouts | Full call number | Barcode | Date last seen | Price effective from | Koha item type |
|---|---|---|---|---|---|---|---|---|---|---|---|---|
| Library of Congress Classification | Kabarak, Main Campus | Kabarak, Main Campus | 17/12/2015 | Z56 .P58 | 009493 | 17/12/2015 | 17/12/2015 | General Collection |